Três ensaios de bioética /

Readers interested in the theoretical development of bioethics and, at the same time, in its application to the solution of moral conflicts will certainly find material of great value in this book. Each chapter places bioethics in a different context: in clinical, genomics and biosafety. In the firs...

Full description

Bibliographic Details
Corporate Author: JSTOR (Organization)
Format: eBook
Language:Portuguese
Published: Rio de Janeiro, SciELO - Editora FIOCRUZ, 2015.
Subjects:
Online Access:Connect to the full text of this electronic book

MARC

Tag First Indicator Second Indicator Subfields
LEADER 00000cam a2200000 i 4500
001 in00004635277
006 m o d
007 cr |||||||||||
008 180826s2015 bl o 000 0 por d
005 20230103223428.7
035 |a (OCoLC)on1049599186 
040 |a YDX  |b eng  |e pn  |c YDX  |d JSTOR  |d OCLCF  |d OCLCQ  |d HTM  |d K6U  |d HTM 
019 |a 1049991219 
020 |a 8575415867  |q (electronic bk.) 
020 |a 9788575415863  |q (electronic bk.) 
035 |a (OCoLC)1049599186  |z (OCoLC)1049991219 
037 |a 22573/ctv4q6pk7  |b JSTOR 
050 4 |a QH332 
082 0 4 |a 174.957  |2 23 
049 |a TXAM 
242 0 0 |a Three bioethics essays  |y eng 
245 0 0 |a Três ensaios de bioética /  |c Fermin Roland Schramm. 
260 |a Rio de Janeiro,  |b SciELO - Editora FIOCRUZ,  |c 2015. 
300 |a 1 online resource (178 pages) 
336 |a text  |b txt  |2 rdacontent 
337 |a computer  |b c  |2 rdamedia 
338 |a online resource  |b cr  |2 rdacarrier 
520 |a Readers interested in the theoretical development of bioethics and, at the same time, in its application to the solution of moral conflicts will certainly find material of great value in this book. Each chapter places bioethics in a different context: in clinical, genomics and biosafety. In the first essay, the possibilities of this 'toolbox' called bioethics are discussed to understand and try to resolve conflicts of interests and values ​​in the context of relationships between professionals and users of health services. In the second, the author applies the tools of bioethics to the case of moral conflicts involving genomics, contemplating arguments for and against genetic engineering practices and contributing to critical and unprejudiced reasoning on the subject. Finally, the third chapter deals with the interface between bioethics and biosafety, which have common concerns, such as the issue of risks, but different approaches - while bioethics deals with moral values, biosafety makes use of technical, administrative and cool. 
650 0 |a Morale. 
650 0 |a Risk. 
650 0 |a Quality of life. 
650 0 |a Biotechnology. 
650 0 |a Bioethics. 
650 7 |a Bioethics.  |2 fast  |0 (OCoLC)fst00832038 
655 7 |a Electronic books.  |2 local 
710 2 |a JSTOR (Organization) 
856 4 0 |u https://www.jstor.org/stable/10.7476/9788575415863  |z Connect to the full text of this electronic book  |t 0 
955 |a JSTOR Open Access ebooks 
994 |a 92  |b TXA 
999 f f |s 8d3e7b06-aa01-47df-baa9-656db0dfe857  |i 49135ab6-f1ea-4283-9be4-b23199c22222  |t 0 
952 f f |a Texas A&M University  |b College Station  |c Electronic Resources  |d Available Online  |t 0  |e QH332   |h Library of Congress classification 
998 f f |a QH332   |t 0  |l Available Online